8000m Peaks Quiz Stats

Quiz not verified by Sporcle

Challenge
Share
Tweet
Embed
Score 0/14 Timer 05:00
0 Plays Today
Height (m) Peak % Correct
8848Everest
99.5%
8611K2
99.1%
8516Lhotse
82.9%
8091Annapurna I
82%
8051Broad Peak
78.4%
8586kangchenjunga
77.5%
8188Cho Oyu
77%
Height (m) Peak % Correct
8080Gasherbrum I
75.2%
8034Gasherbrum II
73.9%
8485Makalu
73.4%
8125Nanga Parbat
68.9%
8163Manaslu
66.7%
8027Shisha Pangma
61.3%
8167Dhaulagiri I
58.6%

You're not logged in!

Compare scores with friends on all Sporcle quizzes.
Sign Up with Email
OR
Log In

You Might Also Like...

Show Comments

Extras

Top Quizzes Today


Score Distribution

Your Account Isn't Verified!

In order to create a playlist on Sporcle, you need to verify the email address you used during registration. Go to your Sporcle Settings to finish the process.

Report this User

Report this user for behavior that violates our Community Guidelines.

Details: